| 000 | 00440nam a22001577a 4500 | ||
|---|---|---|---|
| 003 | macl | ||
| 005 | 20250416163335.0 | ||
| 008 | 250416b |||||||| |||| 00| 0 eng d | ||
| 040 | _cmacl | ||
| 082 | _a891.433/GUP/N | ||
| 100 |
_aगुप्ता, डॉ. सुषमा _983125 |
||
| 245 | _aमेरे लिए तुम काफी हो | ||
| 260 | _bNOTION PRESS | ||
| 650 | _aउपन्यास | ||
| 942 |
_2ddc _cHIN |
||
| 999 |
_c67907 _d67907 |
||